| 000 | 00485cam a22001337a 4500 | ||
|---|---|---|---|
| 008 | 180718b1992 xxu||||| |||| 00| 0 eng d | ||
| 082 | _aAPPPA 91-92 DIM | ||
| 100 | _aDimri, S.D. | ||
| 245 |
_aMotivation of administrative support staff of an industrial unit: a study of gun carriage factory-Jabalpur _cby S.D. Dimri |
||
| 260 |
_aNew Delhi _bIndian Institute of Public Administration _c1992 |
||
| 300 | _a109p. | ||
| 650 | _aAdministrative support staff-Industry | ||
| 650 | _aMotivation | ||
| 999 |
_c501570 _d501570 |
||